On This Day: October 21st Quiz Stats

 Plays Quiz Updated Oct 21, 2017

Challenge
Share
Tweet
Embed
Score 0/7 Timer 03:00
0 Plays Today
Question Answer Wrong Answers
This American actress, known for playing Princess Leia in the ‘Star Wars’ series, is born.
1956
Carrie Fisher
96.6%
Meg Ryan
0.6%
Annette Bening
0.6%
Helen Hunt
0.5%
In New York City, the Solomon R. Guggenheim Museum, designed by this well-known American architect, opens to the public.
1959
Frank Lloyd Wright
87.3%
Le Corbusier
4%
Louis Sullivan
4.2%
Alvar Aalto
2.6%
This woman and a staff of 38 nurses depart for the Crimean war front.
1854
Florence Nightingale
84.6%
Virginia Henderson
1.3%
Clara Barton
12%
Elizabeth Blackwell
2%
Andreas Papandreou becomes Prime Minister of ______, ending an almost 50-year-long system of power dominated by conservative forces.
1981
Greece
84%
Turkey
6.9%
Austria
4.7%
Sweden
2%
A coup d'état in this East African nation brings Siad Barre to power and establishes a socialist republic.
1969
Somalia
64%
Senegal
17.7%
Namibia
8.8%
Egypt
7.2%
Women in this European country are allowed to vote in a parliamentary election for the first time.
1945
France
44.6%
Sweden
25.2%
Denmark
18%
Portugal
10.7%
President Warren G. Harding delivers the first speech by a sitting US President against ______ in the deep South.
1921
Lynching
33.5%
Segregation
61.7%
Rebel Flags
2.1%
Sharecropping
1.9%

Today's Daily Dose

Missing Word
'F' Pairs

Word Ladder
Mixed Synonyms

On This Day
August 15th II

You're not logged in!

Compare scores with friends on all Sporcle quizzes.
Join for Free
OR
Log In

You Might Also Like...

Show Comments

Extras

Top Quizzes Today


Score Distribution

Your Account Isn't Verified!

In order to create a playlist on Sporcle, you need to verify the email address you used during registration. Go to your Sporcle Settings to finish the process.

Report this User

Report this user for behavior that violates our Community Guidelines.

Details: